| 000 | 00550nam a22002057a 4500 | ||
|---|---|---|---|
| 003 | MArmot | ||
| 005 | 20151029091338.0 | ||
| 008 | 130311t xxu||||| |||| 00| 0 eng d | ||
| 020 | _a9780802130341 (pbk.) | ||
| 050 |
_aPQ 2603 _b.B396 1982 |
||
| 082 |
_aIB 842.914 _bB38 1982 |
||
| 100 | _aBeckett, Samuel | ||
| 245 |
_aWaiting for godot _btragicomedy in two acts _cSamuel Beckett |
||
| 260 |
_aNew York _bGrove Press _cc1982 |
||
| 300 |
_a60 pages _c21 cm. _bill.; |
||
| 526 | _c1070L-1220L | ||
| 562 | _e1 | ||
| 942 |
_2lcc _cBK |
||
| 999 |
_c2327 _d2327 |
||